PPP 1-18 - Statistiken

Allgemein
  • Dieses Quiz wurde 220 mal gespielt
  • Das Durchschnittsergebnis liegt bei 41 aus 61
Antwortstatistiken
Infinitiv Perfekt PPP % Korrekt
agere egi actum
95%
capere cepi captum
92%
accipere accepit acceptum
87%
recipere recepi receptum
85%
ascendere ascendi ascensum
80%
cogere coegi coactum
78%
dicere dixi dictum
78%
ducere duxi ductum
78%
incipere coepi coeptum
77%
comprehendere comprehendi comprehensum
77%
conspicere conspexi conspectum
77%
facere feci factum
77%
reddere reddidi redditum
77%
tradere tradidi traditum
77%
afficere affeci affectum
75%
coniungere coniunxi coniunctum
75%
dare dedi datum
75%
delere delevi deletum
75%
conficere confeci confectum
73%
interficere interfeci interfectum
73%
ire ii itum
73%
adire adii aditum
72%
exire exii exitum
72%
mittere misi missum
72%
intellegere intellexi intellectum
70%
amittere amisi amissum
68%
cupere cupivi cupitum
68%
flere flevi fletum
68%
legere legi lectum
68%
neglegere neglexi neglectum
68%
committere commisi commissum
67%
constituere constitui constitutum
65%
expellere expuli expulsum
65%
iubere iussi iussum
65%
ferre tuli latum
65%
considere consedi consessum
63%
movere movi motum
63%
rapere rapui raptum
63%
contendere contendi contentum
62%
stare steti statum
62%
venire veni ventum
62%
advenire adveni adventum
60%
circumvenire circumveni circumventum
60%
invenire inveni inventum
60%
respondere respondi responsum
60%
ridere risi risum
60%
vincere vici victum
60%
cognoscere cognovi cognitum
58%
ludere lusi lusum
58%
petere petivi petitum
57%
adiuvare adiuvi adiutum
55%
relinquere reliqui relictum
55%
sedere sedi sessum
55%
videre vidi visum
55%
iuvare iuvi iutum
53%
tangere tetigi tactum
53%
vertere verti versum
53%
gerere gessi gestum
52%
occidere occidi occisum
52%
quaerere quaesivi quaesitum
50%
solvere solvi solutum
43%
Keine übereinstimmenden Quizze gefunden
Verteilung der Resultate
Anzahl Personen mit jedem Resultat
Perzentil nach korrekt beantworteten Fragen
Ihre Resultats-Entwicklung
Sie haben dieses Quiz noch nicht gespielt